00461 a2200145 4500003000500000005001700005040000900022082001500031100002400046245004900070260003400119300001000153505014200163650001000305Nust20230123122745.0 cNust a808.83,YOU aYoung,Frincis Brett aMr . Lucton,s Freedom /cFrancis Brett Young aLondonbWilliam Heinemann Ltd a456:p aPart One: North Bromwich (Page-1), Part Two: The Country of Strange Adventures (Page-79), Part Three: Quietest Under The Sun (Page-373). aNovel